| 000 | 00559nam a2200169Ia 4500 | ||
|---|---|---|---|
| 999 |
_c857 _d857 |
||
| 003 | OSt | ||
| 005 | 20201222154433.0 | ||
| 008 | 190216s9999||||xx |||||||||||||| ||und|| | ||
| 040 | _coclc | ||
| 082 |
_a297.1225 _bALH/T |
||
| 100 |
_aAl-Hilali, Muhammad Taqi-ud-Din _97781 |
||
| 245 | 0 |
_aTranslation Of The Meanings Of The Noble Qur'an In the English Language / _cMuhammad Taqi-ud-Din Al-Hilali |
|
| 260 |
_bKing Fahd Complex, _c1990. _aMadinah: |
||
| 300 | _a852p | ||
| 650 | _aArabic | ||
| 942 |
_cBK _2ddc _h297.1225 _iALH/T _k297.1225 _mALH/T |
||